Principles of Microeconomics (Record no. 43)
[ view plain ]
| 000 -LEADER | |
|---|---|
| fixed length control field | 03358nam a22005655i 4500 |
| 003 - CONTROL NUMBER IDENTIFIER | |
| control field | OSt |
| 005 - DATE AND TIME OF LATEST TRANSACTION | |
| control field | 20210528104831.0 |
| 008 - FIXED-LENGTH DATA ELEMENTS--GENERAL INFORMATION | |
| fixed length control field | 170911s2017 gw | s |||| 0|eng d |
| 020 ## - INTERNATIONAL STANDARD BOOK NUMBER | |
| International Standard Book Number | 9780070984059 |
| 040 ## - CATALOGING SOURCE | |
| Transcribing agency | Alupe University |
| 050 #4 - LIBRARY OF CONGRESS CALL NUMBER | |
| Classification number | HB172 |
| Item number | .S354 2009 |
| 072 #7 - SUBJECT CATEGORY CODE | |
| Subject category code | KCC |
| Source | bicssc |
| 072 #7 - SUBJECT CATEGORY CODE | |
| Subject category code | BUS044000 |
| Source | bisacsh |
| 072 #7 - SUBJECT CATEGORY CODE | |
| Subject category code | KCC |
| Source | thema |
| 245 10 - TITLE STATEMENT | |
| Title | Principles of Microeconomics |
| Remainder of title | An Integrative Approach / |
| 260 ## - PUBLICATION, DISTRIBUTION, ETC. | |
| Place of publication, distribution, etc. | Vancouver, B.C. |
| Name of publisher, distributor, etc. | Langara College |
| Date of publication, distribution, etc. | 2009 |
| 300 ## - PHYSICAL DESCRIPTION | |
| Extent | 502p |
| 336 ## - CONTENT TYPE | |
| Content type term | text |
| Content type code | txt |
| Source | rdacontent |
| 337 ## - MEDIA TYPE | |
| Media type term | computer |
| Media type code | c |
| Source | rdamedia |
| 338 ## - CARRIER TYPE | |
| Carrier type term | online resource |
| Carrier type code | cr |
| Source | rdacarrier |
| 347 ## - DIGITAL FILE CHARACTERISTICS | |
| File type | text file |
| Encoding format | |
| Source | rda |
| 650 #0 - SUBJECT ADDED ENTRY--TOPICAL TERM | |
| Topical term or geographic name entry element | Microeconomics. |
| 650 #0 - SUBJECT ADDED ENTRY--TOPICAL TERM | |
| Topical term or geographic name entry element | Behavioral economics. |
| 650 #0 - SUBJECT ADDED ENTRY--TOPICAL TERM | |
| Topical term or geographic name entry element | Economic history. |
| 650 #0 - SUBJECT ADDED ENTRY--TOPICAL TERM | |
| Topical term or geographic name entry element | Game theory. |
| 650 #0 - SUBJECT ADDED ENTRY--TOPICAL TERM | |
| Topical term or geographic name entry element | Evolutionary economics. |
| 650 14 - SUBJECT ADDED ENTRY--TOPICAL TERM | |
| Topical term or geographic name entry element | Microeconomics. |
| Authority record control number or standard number | http://scigraph.springernature.com/things/product-market-codes/W31000 |
| 650 24 - SUBJECT ADDED ENTRY--TOPICAL TERM | |
| Topical term or geographic name entry element | Behavioral/Experimental Economics. |
| Authority record control number or standard number | http://scigraph.springernature.com/things/product-market-codes/W54000 |
| 650 24 - SUBJECT ADDED ENTRY--TOPICAL TERM | |
| Topical term or geographic name entry element | History of Economic Thought/Methodology. |
| Authority record control number or standard number | http://scigraph.springernature.com/things/product-market-codes/W28000 |
| 650 24 - SUBJECT ADDED ENTRY--TOPICAL TERM | |
| Topical term or geographic name entry element | Game theory. |
| Authority record control number or standard number | http://scigraph.springernature.com/things/product-market-codes/W29020 |
| 650 24 - SUBJECT ADDED ENTRY--TOPICAL TERM | |
| Topical term or geographic name entry element | Institutional/Evolutionary Economics. |
| Authority record control number or standard number | http://scigraph.springernature.com/things/product-market-codes/W53010 |
| 700 ## - ADDED ENTRY--PERSONAL NAME | |
| Fuller form of name | Alan J Morris |
| 710 2# - ADDED ENTRY--CORPORATE NAME | |
| Corporate name or jurisdiction name as entry element | SpringerLink (Online service) |
| 773 0# - HOST ITEM ENTRY | |
| Title | Springer eBooks |
| 776 08 - ADDITIONAL PHYSICAL FORM ENTRY | |
| Relationship information | Printed edition: |
| International Standard Book Number | 9783319575889 |
| 776 08 - ADDITIONAL PHYSICAL FORM ENTRY | |
| Relationship information | Printed edition: |
| International Standard Book Number | 9783319575902 |
| 776 08 - ADDITIONAL PHYSICAL FORM ENTRY | |
| Relationship information | Printed edition: |
| International Standard Book Number | 9783319862026 |
| 830 #0 - SERIES ADDED ENTRY--UNIFORM TITLE | |
| International Standard Serial Number | 2192-4333 |
| 856 40 - ELECTRONIC LOCATION AND ACCESS | |
| Uniform Resource Identifier | https://doi.org/10.1007/978-3-319-57589-6 |
| 910 ## - USER-OPTION DATA (OCLC) | |
| User-option data | 6856214 |
| 942 ## - ADDED ENTRY ELEMENTS (KOHA) | |
| Source of classification or shelving scheme | |
| Koha item type | Book |
| Suppress in OPAC | MW |
| Withdrawn status | Lost status | Source of classification or shelving scheme | Damaged status | Not for loan | Permanent Location | Current Location | Shelving location | Date acquired | Full call number | Barcode | Date last seen | Price effective from | Koha item type | Public note | Source of acquisition | Total Checkouts | Copy number |
|---|---|---|---|---|---|---|---|---|---|---|---|---|---|---|---|---|---|
| AU LIBRARY | AU LIBRARY | Open Shelf | 28.05.2021 | HB172 .S354 2009 | 28000872 | 28.05.2021 | 28.05.2021 | Book | MW | ||||||||
| AU LIBRARY | AU LIBRARY | Open Shelf | 18.03.2022 | HB172 .S35 2009 C2 | 28005745 | 18.03.2022 | 18.03.2022 | Book | PW | DONATION FROM MOI UNIVERSITY | 2 |